The Aryan invasion theory : (Record no. 134689)
[ view plain ]
| 000 -LEADER | |
|---|---|
| fixed length control field | 00726nam a22002297a 4500 |
| 005 - DATE AND TIME OF LATEST TRANSACTION | |
| control field | 20170124110232.0 |
| 010 ## - LIBRARY OF CONGRESS CONTROL NUMBER | |
| LC control number | A-707229 |
| 020 ## - INTERNATIONAL STANDARD BOOK NUMBER | |
| Terms of availability | 350.00 |
| International Standard Book Number | 8185689407 |
| 035 ## - SYSTEM CONTROL NUMBER | |
| System control number | A-707229 |
| 037 ## - SOURCE OF ACQUISITION | |
| Source of stock number/acquisition | Cen Lib/Ret |
| 040 ## - CATALOGING SOURCE | |
| Original cataloging agency | DPL |
| Language of cataloging | EN |
| 082 ## - DEWEY DECIMAL CLASSIFICATION NUMBER | |
| Classification number | 954.011 |
| Item number | TAL |
| 100 ## - MAIN ENTRY--PERSONAL NAME | |
| Personal name | Talageri, Shrikant G. |
| 9 (RLIN) | 41417 |
| 245 ## - TITLE STATEMENT | |
| Title | The Aryan invasion theory : |
| Statement of responsibility, etc | by Shrikant G. Talageri |
| Remainder of title | a reappraisal / |
| 260 ## - PUBLICATION, DISTRIBUTION, ETC. (IMPRINT) | |
| Place of publication, distribution, etc | Delhi |
| Name of publisher, distributor, etc | Aditya Prakashan |
| Date of publication, distribution, etc | 1993 |
| 270 ## - ADDRESS | |
| City | Delhi |
| Address | F-14/65, Model Town II |
| Postal code | 110009 |
| 300 ## - PHYSICAL DESCRIPTION | |
| Extent | xvii,373p. |
| Dimensions | 21cm(Hb) |
| 500 ## - GENERAL NOTE | |
| General note | Includes index |
| 650 ## - SUBJECT ADDED ENTRY--TOPICAL TERM | |
| Topical term or geographic name as entry element | Vedic literature -- History and criticism |
| Chronological subdivision | |
| 9 (RLIN) | 41418 |
| 650 ## - SUBJECT ADDED ENTRY--TOPICAL TERM | |
| Topical term or geographic name as entry element | Indo-Aryans -- Origin |
| 9 (RLIN) | 32315 |
| 942 ## - ADDED ENTRY ELEMENTS (KOHA) | |
| Source of classification or shelving scheme | Dewey Decimal Classification |
| Koha item type | English Books |
| Classification part | 954.011 |
| Call number suffix | TAL |
| Withdrawn status | Lost status | Damaged status | Not for loan | Collection code | Home library | Current library | Date acquired | Source of acquisition | Cost, normal purchase price | Total Checkouts | Full call number | Barcode | Date last seen | Copy number | Cost, replacement price | Price effective from | Koha item type |
|---|---|---|---|---|---|---|---|---|---|---|---|---|---|---|---|---|---|
| Not For Loan | Reference | Central Library | Central Library | 31/07/2015 | Cen Lib/Ret | 350.00 | 954.011 TAL | A-707229 | 31/07/2015 | 1 | 350.00 | 31/07/2015 | English Books |
